000 03794cam a22012494i 4500
003 PE-LiUPU
005 20250813185635.0
008 150706s r 000 0 d
020 _a9788497274456
035 _a(Sirsi) i9788497274456
040 _aPE-LiUPU
_bspa
_cPE-LiUPU
_erda
049 _aPRUA
082 0 4 _a371.926
_bE9
_221
245 0 1 _aEvaluación del potencial de aprendizaje :
_bfundamentos y aplicaciones /
_cMª Dolores Calero García (coordinadora).
264 1 _aMadrid :
_bEOS,
_cD.L. 2012.
300 _a248 páginas :
_bilustraciones ;
_c24 cm.
336 _atext
_2rdacontent
337 _aunmediated
_2rdamedia
338 _avolume
_2rdacarrier
490 0 _aFundamentos psicopedagógicos
504 _aIncluye referencias bibliográficas al final de cada capítulo.
505 0 _aFundamentos teóricos y metodológicos de la evaluación del potencial de aprendizaje -- Evaluación del potencial de aprendizaje en niños de educación infantil y niños de diversa procedencia cultural -- Evaluación del potencial de aprendizaje en niños superdotados -- Evaluación dinámica de habilidades relacionadas con el lenguaje -- Evalaución del potencial de aprendizaje en psicosis y trastornos del desarrollo -- La evaluación del potencial de aprendizaje en la vejez.
526 _aP202
526 _aP201
526 _aP163
526 _aP162
526 _aP161
526 _aP160
526 _aP148
526 _aP147
526 _aP146
526 _aP145
526 _aP144
526 _aP143
526 _aP142
526 _aP141
526 _aP140
526 _aP139
526 _aP138
526 _aP137
526 _aP136
526 _aP135
526 _aP134
526 _aP133
526 _aP129
526 _aP128
526 _aP127
526 _aP120
526 _aP119
526 _aP118
526 _aP116
526 _aP115
526 _aP114
526 _aP110
526 _aP109
526 _aP108
526 _aP104
526 _aP103
526 _aP102
526 _aP99
526 _aP98
526 _aP97
526 _aP96
526 _aP95
526 _aP93
526 _aP90
526 _aP89
526 _aP88
526 _aP83
526 _aP82
526 _aP62
526 _aP59
526 _aP58
526 _aP57
526 _aP51
526 _aP49
526 _aP48
526 _aP47
526 _aP29
526 _aP24
526 _aP20
526 _aP19
526 _aP17
526 _aP15
526 _aP14
526 _aP12
526 _aP10
526 _aP09
526 _aP08
526 _aP07
526 _aP06
526 _aP05
526 _aP04
526 _aP01
541 _g001-004535;
541 _g001-004535;
650 0 4 _aAptitudes de aprendizaje
_xEvaluación.
700 1 _aCalero García, María Dolores.
910 _agl
_cjck
_d20131111
942 _2ddc
_cBOOK
949 _a371.926 E9
_wDEWEY
_c1
_i68986
_lCCODEBUL1
_mBUL
_p50.00
_r0
_sY
_tBOOK
_u2015-7-6
_xSALUD
_PP33
_o.STAFF. Colección General
949 _a371.926 E9
_wDEWEY
_c2
_i68987
_lCCODEBUL1
_mBUL
_p50.00
_r0
_sY
_tBOOK
_u2015-7-6
_xSALUD
_PP33
_o.STAFF. Colección General
994 _aC0
_bPEPRU
596 _a1
999 _a371.926 E9
_wDEWEY
_c56136
_i68986
_d56136
_f2021-11-8
_g5
_lCCODEBUL1
_mBUL
_p50.00
_q1
_r0
_sY
_tBOOK
_u2015-7-6
_xEDUCACION
_PP33
_0COMPRA
_o.STAFF. Colección General
999 _a371.926 E9
_wDEWEY
_c2
_i68987
_d2018-10-9
_e2018-10-3
_f2021-11-8
_g5
_lCCODEBUL1
_mBUL
_n1
_p50.00
_r0
_sY
_tBOOK
_u2015-7-6
_xEDUCACION
_PP33
_0COMPRA
_o.STAFF. Colección General
980 _81
_gALBERTO SANCHEZ Responsable de Automatización